|
|
|
|
| LEADER |
00000nam0a2200000 4500 |
| 001 |
109226 |
| 005 |
20231031115940.0 |
| 010 |
|
|
|a 5020026581
|
| 020 |
|
|
|a RU
|b 89-12397
|
| 035 |
|
|
|a (RuTPU)RU\TPU\book\117905
|
| 090 |
|
|
|a 109226
|
| 100 |
|
|
|a 20070201d1989 m a0rusy5003 ca
|
| 101 |
0 |
|
|a rus
|
| 102 |
|
|
|a RU
|
| 105 |
|
|
|a af z 001zy
|
| 200 |
1 |
|
|a Ртутоносные провинции СССР
|f В. М. Роговой
|g Академия наук СССР (АН СССР), Институт минералогии, геохимии и кристаллохимии редких элементов (ИМГРЭ) ; отв. ред. В. П. Федорчук
|
| 210 |
|
|
|a Москва
|c Наука
|d 1989
|
| 215 |
|
|
|a 94 с.
|c ил.
|e 1 вкл. лист
|
| 320 |
|
|
|a Библиогр.: с. 92-95.
|
| 610 |
1 |
|
|a ртуть
|
| 610 |
1 |
|
|a СССР
|
| 610 |
1 |
|
|a провинции
|
| 610 |
1 |
|
|a размещения
|
| 610 |
1 |
|
|a прогнозирование
|
| 610 |
1 |
|
|a ртутное орудение
|
| 675 |
|
|
|a 553.499
|v 3
|
| 700 |
|
1 |
|a Роговой
|b В. М.
|g Валентин Михайлович
|
| 702 |
|
1 |
|a Федорчук
|b В. П.
|4 340
|
| 712 |
0 |
2 |
|a Академия наук СССР (АН СССР)
|b Институт минералогии, геохимии и кристаллохимии редких элементов (ИМГРЭ)
|c (Москва)
|2 stltpush
|3 (RuTPU)RU\TPU\col\10887
|
| 801 |
|
0 |
|a RU
|b RuMRKP
|c 19950417
|g psbo
|
| 801 |
|
1 |
|a RU
|b 63413507
|c 20070201
|g PSBO
|
| 801 |
|
2 |
|a RU
|b 63413507
|c 20140211
|g PSBO
|
| 942 |
|
|
|c BK
|